000
00305nam a22001097a 4500
040
_c
RUA
082
_a
MRC AUG 2013 C011 Or.
245
_a
The Stationary Trawl(Dai)Fishery of the Tonle Sap-Great Lake System Cambodia.
260
_a
phnom penh
_b
rua
_c
2013
300
_a
xxiv.142p.
_b
ill.
_c
29cm.
942
_c
REC
999
_c
22170
_d
22170